000 00989cam a2200217 4500
001 ABS63874
008 000000n2001 000 0 eng u
035 _a(Sirsi) u112165
245 _aMaking more of money
260 _c2001
490 _aEstates Gazette
_v(0114) 7 April 2001, 138-141(4)
520 _aA mainly for students article takes a look at the investment sector. Describes the role of the surveyor in advising on investment characteristics and in matching buyers and sellers. Includes the typical agency work of the investment surveyor and the role of the lawyer, finance and property fund manager. With a section on developmental options, investment strategies and the Investment Property Forum.
590 _aABS
650 _aINVESTMENT SURVEYORS
650 _aPROPERTY COMPANIES
650 _aPROPERTY INVESTMENT
650 _aPROPERTY FUND MANAGER
650 _aABOUT RICS-RELATED ORGANISATIONS-INVESTMENT PROPERTY FORUM
690 _aINVESTMENT
942 _n0
999 _c66801
_d66801